| 000 | 01189cam a22003255a 4500 | ||
|---|---|---|---|
| 001 | 15440231 | ||
| 005 | 20160907145742.0 | ||
| 008 | 080905s2009 enka frb 001 0 eng d | ||
| 020 | _a9781848001923 | ||
| 040 |
_aDLC _cDLC _dDLC _dEG-ScBUE _beng |
||
| 041 | 1 |
_aeng _hpor |
|
| 082 | 0 | 4 |
_a006.6 _222 _bVEL |
| 100 | 1 | _aVelho, Luiz. | |
| 245 | 1 | 0 |
_aImage processing for computer graphics and vision / _cLuiz Velho , Alejandro C. Frery, Jonas Gomes ; [translated by Silvio Levy] |
| 250 | _a2nd ed. | ||
| 260 |
_aLondon : _bSpringer-Verlag, _c2009. |
||
| 300 |
_axv, 463 p. : _bill. (some col.) ; _c24 cm. |
||
| 490 | 0 |
_aTexts in computer science ; _v3191. |
|
| 500 | _aRev. ed. of: Image processing for computer graphics / Jonas Gomes, Luiz Velho. c1997. | ||
| 500 | _aIndex : p. 451-463. | ||
| 504 | _aIncludes bibliographical references. | ||
| 546 | _aText in English ; translator from original Portuguese. | ||
| 650 | 7 |
_aComputer graphics. _2BUEsh _93615 |
|
| 650 | 7 |
_aImage processing _xDigital techniques. _2BUEsh _94647 |
|
| 653 |
_bCOMSCI _cSeptember2016 |
||
| 700 | 1 | _aFrery, Alejandro C. | |
| 700 | 1 | _aGomes, Jonas. | |
| 700 | 1 |
_aLevy, Silvio, _etranslator. |
|
| 942 | _2ddc | ||
| 999 |
_c22331 _d22303 |
||